Clubs de l'année des vainqueurs du Ballon d'or. - Statistiques

Statistiques générales
  • Ce quiz a été pris 180 fois
  • Le résultat moyen est 10 sur 18
Statistiques - réponses
HINT HINT ANSWER % Correct
1973 Johan Cruyff Ajax Amsterdam
85%
FC Barcelone
73%
2023 Lionel Messi Paris Saint-Germain
72%
2021 Lionel Messi FC Barcelone
67%
Paris Saint-Germain
66%
Real Madrid
59%
Inter Milan
57%
Real Madrid
56%
2002 Ronaldo Inter Milan
55%
2006 Fabio Cannavaro Juventus
55%
1995 George Weah Paris Saint-Germain
54%
AC Milan
53%
2000 Luís Figo FC Barcelone
53%
Real Madrid
53%
AC Milan
51%
1997 Ronaldo FC Barcelone
50%
1987 Ruud Gullit PSV Eindhoven
29%
Inter Miami CF
10%
Aucun quiz correspondant
Distribution des résultats
% des personnes avec chaque résultat
Percentile par nombre de réponses
Votre historique - résultats
Vous n’avez pas pris ce quiz